| 000 | 01009nac a22002891i 4500 | ||
|---|---|---|---|
| 003 | EG-ScBUE | ||
| 005 | 20221205123310.0 | ||
| 008 | 221205s2003 vraa f b 001 0 eng d | ||
| 020 | _a9781876907877 | ||
| 020 | _a1876907878 | ||
| 040 |
_aEG-ScBUE _beng _erda _cEG-ScBUE _dEG-ScBUE |
||
| 082 | 0 | 4 |
_a724.705 _bCON _222 |
| 245 | 0 | 0 |
_aContemporary architecture / _cintroduction by Catherine Slessor. |
| 264 | 1 |
_aMulgrave, Victoria : _bImages Publishing Group, _c2003. |
|
| 300 |
_a256 pages : _bcolor illustrations ; _c31 cm |
||
| 336 |
_2rdacontent _atext _btxt |
||
| 337 |
_2rdamedia _aunmediated _bn |
||
| 338 |
_2rdacarrier _avolume _bnc |
||
| 504 | _aIncludes bibliographical references and index. | ||
| 650 | 7 |
_aArchitecture, Modern _y20th century. _2BUEsh |
|
| 650 | 7 |
_aArchitectural design _y20th century. _2BUEsh |
|
| 650 | 7 |
_aArchitecture, Modern _y21st century _2BUEsh |
|
| 653 | _bENGARC | ||
| 655 | _vReading book | ||
| 700 | 1 |
_aSlessor, Catherine, _eauthor of introduction, etc. |
|
| 942 |
_cBB _2ddc |
||
| 999 |
_c1977 _d1977 |
||